International Conflict Resolution Role of the UN and the OIC / (Record no. 617147)

000 -LEADER
fixed length control field 00494nam a22001697a 4500
003 - CONTROL NUMBER IDENTIFIER
control field NUST
005 - DATE AND TIME OF LATEST TRANSACTION
control field 20260417094148.0
008 - FIXED-LENGTH DATA ELEMENTS--GENERAL INFORMATION
fixed length control field 260417b ||||| |||| 00| 0 eng d
020 ## - INTERNATIONAL STANDARD BOOK NUMBER
International Standard Book Number 978-969-8535-22-3
082 ## - DEWEY DECIMAL CLASSIFICATION NUMBER
Classification number 302.2
Author Mark SHA
100 ## - MAIN ENTRY--PERSONAL NAME
Personal name Shahid Ahmad Hashmat.
9 (RLIN) 134187
245 ## - TITLE STATEMENT
Title International Conflict Resolution Role of the UN and the OIC /
Statement of responsibility, etc. Shahid Ahmad Hashmat.
260 ## - PUBLICATION, DISTRIBUTION, ETC.
Place of publication, distribution, etc. Pakistan:
Name of publisher, distributor, etc. NUST Press,
Date of publication, distribution, etc. 2014.
300 ## - PHYSICAL DESCRIPTION
Extent 277 p ;
Dimensions 26.3 cm
563 ## - BINDING INFORMATION
Binding note Hardcover
942 ## - ADDED ENTRY ELEMENTS (KOHA)
Source of classification or shelving scheme
Koha item type Book
Holdings
Withdrawn status Lost status Source of classification or shelving scheme Damaged status Not for loan Permanent Location Current Location Date acquired Total Checkouts Full call number Barcode Date last seen Price effective from Koha item type
          Institute of Geographical Information Systems (IGIS) Institute of Geographical Information Systems (IGIS) 04/17/2026   302.2 SHA IGIS-1234 04/17/2026 04/17/2026 Book
          Institute of Geographical Information Systems (IGIS) Institute of Geographical Information Systems (IGIS) 04/17/2026   302.2 SHA IGIS-1235 04/17/2026 04/17/2026 Book
© 2023 Central Library, National University of Sciences and Technology. All Rights Reserved.